LEADER 01022nam a2200253 i 4500 001 000000020314 003 CaOOAMICUS 005 20230306103841.0 008 180830s19311932it u000 u ita u 040 $aSeMil$bita 100 0 $aCicero, Marcus Tullius,$d<106-43 a.C.>.$0(OLS)http://semarc/name/659 240 10$aDe oratore : libri tres.$0(OLS)http://semarc/title/26762 245 10$aDell'oratore /$cCicerone ; versione di Eugenio Giovannetti. 264 1$aMilano :$bNotari,$c1931-1932. 300 $a2 v. ;$c17 cm. 650 4$aCicerone, Marco Tullio <106-43 a.C.> - Opere.$0(OLS)http://semarc/subject/4193 700 1 $aGiovannetti, Eugenio.$0(OLS)http://semarc/name/9113 774 0 $tVolume 1.$kCollezione Romana$w()175831 774 0 $tVolume 2.$kCollezione Romana$w()175832 900 0 $aCicerone, Marco Tullio. 996 $6245$aDell'oratore$9(OLS)http://semarc/title/26761 996 $6264$aMilano :$bNotari$9(OLS)http://semarc/publisher/32964 LEADER 01004nam a2200217 i 4500 001 000000049893 003 CaOOAMICUS 005 20120525000000.0 008 120525s1965 xx u000 u fre u 013 $a21064 040 $aSeMil$bita 245 10$aFemmes du 20. siècle :$bsemaine de la pensée marxiste (Paris, 20-27 janvier 1965) /$cpréface de Roger Garaudy. 260 $aParis :$bPresses Universitaires de France,$c1965. 300 $aVIII, 234 p. ;$c23 cm. 650 4$aDonne.$0(OLS)http://semarc/subject/4009 650 4$aMarxismo - Storia - Sec. 20.$0(OLS)http://semarc/subject/7192 700 1 $aGaraudy, Roger <1913-2012>.$0(OLS)http://semarc/name/24717 850 $aSeMil 852 $aSeMil$W1$xVenegono$y1$m2E III 151$j16048$B16048$CSeMilBibl$Z2$F16048 $81 996 $6245$aFemmes du 20. siècle :$bsemaine de la pensée marxiste (Paris, 20-27 janvier 1965)$9(OLS)http://semarc/title/76054 996 $6260$aParis :$bPresses Universitaires de France$9(OLS)http://semarc/publisher/30047